| 000 | 02158nam0a22003251 4500 | ||
|---|---|---|---|
| 001 | rc\3636169 | ||
| 005 | 20260407133130.0 | ||
| 021 |
_aRU _b[74-84760] |
||
| 035 | _a(NLR Aleph) 007827126 | ||
| 090 |
_a7763083 _c7763083 |
||
| 100 | _a20130115d1974 |||y0rusy50 ca | ||
| 101 | 0 | _arus | |
| 102 | _aRU | ||
| 105 | _ay z ||||| | ||
| 200 | 1 |
_aМетодические рекомендации по проведению пуско-наладочных работ на предприятиях "Сельхозтехники" _fВсесоюз. объединение "Союзсельхозтехника" Совета Министров СССР. Гл. упр. по механизации животноводч. ферм. и электрификации с.-х. производства. Всесоюз. науч.-исслед. и технол. ин-т монтажа, эксплуатации и ремонта машин и оборудования животноводч. и птицеводч. ферм. "ВНИИТИМЖ" |
|
| 210 |
_aМинск _cБ. и. _d1974 |
||
| 215 |
_a47 с. _d20 |
||
| 300 | _aНа обороте тит. л.: подгот. канд. экон. наук Ф.И. Дукель, инженеры В.Ф. Моисеев, П.В. Карабанюк, канд. техн. наук В.К. Домонов | ||
| 320 | _aСписок лит.: с. 46 (8 назв.) | ||
| 606 |
_a"Сельхозтехника", предприятия _xОборудование _xПуск и наладка _2psbo |
||
| 702 | 1 |
_aМоисеев _bВ.Ф. _4570 |
|
| 702 | 1 |
_aКарабанюк _bП.В. _4570 |
|
| 702 | 1 |
_aДукель _bФ.И. _4570 |
|
| 702 | 1 |
_aДомонов _bВ.К. _4570 |
|
| 712 | 0 | 2 |
_aВсесоюзный научно-исследовательский и технологический институт монтажа, эксплуатации и ремонта машин и оборудования животноводческих и птицеводческих ферм _cМинск _3RU\NLR\AUTH\889995556 _9488084 |
| 801 | 0 |
_aRU _bNLR _gpsbo |
|
| 801 | 1 |
_aRU _bELAR _2rusmarc |
|
| 852 |
_aNLR _j74-4/27145 |
||
| 942 | _cBOOK | ||
| 980 | _aNB | ||